Mastering technical mathematics / (Record no. 11188)

MARC details
000 -LEADER
fixed length control field 01521cam a2200373 i 4500
001 - CONTROL NUMBER
control field 14969585
003 - CONTROL NUMBER IDENTIFIER
control field EG-ScBUE
005 - DATE AND TIME OF LATEST TRANSACTION
control field 20240826103334.0
008 - FIXED-LENGTH DATA ELEMENTS--GENERAL INFORMATION
fixed length control field 070816t2008 nyua f 001 0 eng d
020 ## - INTERNATIONAL STANDARD BOOK NUMBER
International Standard Book Number 0071494480 (alk. paper)
020 ## - INTERNATIONAL STANDARD BOOK NUMBER
International Standard Book Number 9780071494489 (alk. paper)
035 ## - SYSTEM CONTROL NUMBER
System control number (OCoLC)ocn165958466
040 ## - CATALOGING SOURCE
Original cataloging agency DLC
Language of cataloging eng
Description conventions rda
Transcribing agency DLC
Modifying agency DLC
-- EG-ScBUE
082 04 - DEWEY DECIMAL CLASSIFICATION NUMBER
Classification number 510
Edition number 22
Item number GIB
100 1# - MAIN ENTRY--PERSONAL NAME
Personal name Gibilisco, Stan,
Relator term author.
9 (RLIN) 3159
245 10 - TITLE STATEMENT
Title Mastering technical mathematics /
Statement of responsibility, etc Stan Gibilisco, Norman Crowhurst.
250 ## - EDITION STATEMENT
Edition statement Third edition.
264 #1 - PUBLICATION, DISTRIBUTION, ETC. (IMPRINT)
Place of publication, distribution, etc New York :
Name of publisher, distributor, etc McGraw-Hill,
Date of publication, distribution, etc [2008]
264 #4 - PUBLICATION, DISTRIBUTION, ETC. (IMPRINT)
Date of publication, distribution, etc c2008
300 ## - PHYSICAL DESCRIPTION
Extent xvi, 627 pages :
Other physical details illustrations ;
Dimensions 24 cm
336 ## - CONTENT TYPE
Source rdacontent
Content type term text
Content type code txt
337 ## - MEDIA TYPE
Media type term unmediated
Source rdamedia
Media type code n
338 ## - CARRIER TYPE
Carrier type term volume
Carrier type code nc
Source rdacarrier
500 ## - GENERAL NOTE
General note Rev. ed. of: Mastering technical mathematics / Norman Crowhurst. 1st ed. 1992.
500 ## - GENERAL NOTE
General note Includes index.
650 #7 - SUBJECT ADDED ENTRY--TOPICAL TERM
Topical term or geographic name as entry element Mathematics.
Source of heading or term BUEsh
9 (RLIN) 3160
655 ## - INDEX TERM--GENRE/FORM
Form subdivision Reading book
700 1# - ADDED ENTRY--PERSONAL NAME
Personal name Crowhurst, Norman H.,
Relator term author.
9 (RLIN) 3161
856 42 - ELECTRONIC LOCATION AND ACCESS
Materials specified Contributor biographical information
Uniform Resource Identifier <a href="http://www.loc.gov/catdir/enhancements/fy0814/2007034256-b.html">http://www.loc.gov/catdir/enhancements/fy0814/2007034256-b.html</a>
856 42 - ELECTRONIC LOCATION AND ACCESS
Materials specified Publisher description
Uniform Resource Identifier <a href="http://www.loc.gov/catdir/enhancements/fy0814/2007034256-d.html">http://www.loc.gov/catdir/enhancements/fy0814/2007034256-d.html</a>
856 41 - ELECTRONIC LOCATION AND ACCESS
Materials specified Table of contents only
Uniform Resource Identifier <a href="http://www.loc.gov/catdir/enhancements/fy0814/2007034256-t.html">http://www.loc.gov/catdir/enhancements/fy0814/2007034256-t.html</a>
942 ## - ADDED ENTRY ELEMENTS (KOHA)
Source of classification or shelving scheme Dewey Decimal Classification
Koha item type Book - Borrowing
Holdings
Withdrawn status Lost status Source of classification or shelving scheme Damaged status Not for loan Collection code Home library Current library Shelving location Date acquired Source of acquisition Cost, normal purchase price Serial Enumeration / chronology Total Checkouts Full call number Barcode Date last seen Price effective from Koha item type
    Dewey Decimal Classification     Baccah Central Library Central Library First floor 05/04/2009   236.80 7117   510 GIB 000015847 15/07/2025 05/04/2009 Book - Borrowing